000 00379nam a22001577a 4500
005 20200524133415.0
008 200524b xxu||||| |||| 00| 0 eng d
041 _aeng
082 _a340
100 _aBARE ACT
_95744
245 _aTHE AIR FORCE ACT, 1950 (45 TO 1950)
260 _aDELHI
_bPROFESSIONAL BOOK PUBLISHERS
300 _a194;p
650 _aLAW
_95701
942 _cBK
999 _c6503
_d6501